000 00354pab a2200145 454500
008 180718b1983 xxu||||| |||| 00| 0 eng d
100 _aChatterjee, Debi
245 _aAfrican socialism
_bNew road to socialism
260 _c1983
300 _a598-608
362 _aApr.-June
650 _aSocialism - Africa
773 _aIDSA Journal
909 _a18398
999 _c18398
_d18398